Avances en ciencia e ingeniería de alimentos = Advance in food science and engineering /

Bibliographic Details
Other Authors: Lazo Vélez, Marco Antonio (Editor)
Format: Electronic eBook
Language:Spanish
English
Published: Cuenca, Ecuador : Universidad del Azuay Casa Editora, 2018.
Subjects:
Online Access:Digitalia Hispánica

MARC

LEADER 00000nam a2200000 i 4500
001 DIGUAZUAY0045
003 NyNyDIG
007 cr |||||||||||
008 240802s2018 ec a ob 100 0 spa d
006 m o d
035 |a (OCoLC)1438859760 
040 |a DGITA  |b eng  |e rda  |e pn  |c DGITA 
020 |a 9789942778260  |q eBook 
020 |z 9789942778444 
041 0 |a spa  |a eng 
050 1 4 |a TP368 ebook 
245 0 0 |a Avances en ciencia e ingeniería de alimentos =  |b Advance in food science and engineering /  |c eds., M. A. Lazo Vélez [and 3 others]. 
246 3 1 |a Advance in food science and engineering  
264 1 |a Cuenca, Ecuador :  |b Universidad del Azuay Casa Editora,  |c 2018. 
300 |a 1 online resource :  |b illustrations. 
336 |a text  |b txt  |2 rdacontent 
337 |a computer  |b c  |2 rdamedia 
338 |a online resource  |b cr  |2 rdacarrier 
347 |a text file  |2 rdaft 
347 |b PDF 
500 |a "Actas del I Congreso Internacional de Cereales, Leguminosas y Afines, VI Congreso Ecuatoriano de Ingeniería de Alimentos y XVI Jornadas de Ciencia y Tecnología de Alimentos". 
504 |a Includes bibliographical references. 
546 |a Text mainly in Spanish with contributions in English. 
588 0 |a Online resource; title from PDF title page (Digitalia, viewed August 2, 2024) 
650 0 |a Food science  |v Congresses. 
650 0 |a Genetically modified foods  |v Congresses. 
700 1 |a Lazo Vélez, Marco Antonio,  |e editor. 
791 2 |a Digitalia (Firm),  |e distributor. 
793 0 |g Digitalia eBook Collection:  |a Universidad del Azuay 
776 0 8 |i Print version:  |t Avances en ciencia e ingeniería de alimentos.  |d Cuenca, Ecuador : Universidad del Azuay Casa Editora, [2018]  |z 9789942778444 
856 4 0 |3 Digitalia Hispánica  |u https://www.digitaliapublishing.com/a/133428/ 
910 |a Premium collection: 2024